| 000 | | | 03639nmc2a22002413x 450 |
| 001 | | | eab19314-3c61-4946-9f07-8cd7dbe5e5dd |
| 005 | | | 20260209102710.0 |
| 100 | ## | $a | 20250820l18431852k l0rusy0189 ca |
| 101 | 0# | $a | rus |
| 102 | ## | $a | RU |
| 105 | ## | $a | y### |
| 122 | 2# | $a | d |
| 200 | 1# | $a | Дело по ревизии отчета по постройке на Виленской обсерватории помещения для экваториального инструмента |
| | $j | 29 марта 1843 г. - 26 августа 1852 г. |
| 215 | ## | $a | 56 л. |
| | $d | 36,5х26 см |
| 251 | ## | $c | Дело |
| 300 | ## | $a | На бланке обложки указано: "Отделение четвертое. Стол второй, счетный" |
| 371 | ## | $a | Документ не является опубликованным и широко распространяемым |
| 461 | #0 | $1 | 001a74412a3-3cc5-4d21-8f0a-dfe2fbd9e72d |
| | $1 | 2001 |
| | $a | Департамент народного просвещения Министерства народного просвещения (1803-1917) |
| | $1 | 251 |
| | $c | Фонд |
| | $1 | 852 |
| | $j | 733 |
| 462 | #0 | $1 | 001a6622fb3-31f3-4f49-aac3-243f6793e8d6 |
| | $1 | 2001 |
| | $a | Дела Департамента народного просвещения за 1818-1862 годы |
| | $1 | 251 |
| | $c | Опись |
| | $1 | 852 |
| | $j | 113 |
| 801 | #0 | $a | RU |
| | $b | РГИА |
| | $c | 20250820 |
| | $g | RCR |
| 801 | #1 | $a | RU |
| | $b | ГлавНИВЦ |
| | $c | 20250820 |
| | $2 | rusmarc |
| 801 | #2 | $a | RU |
| | $b | ПБ им. Б.Н. Ельцина |
| | $c | 20260209 |
| | $g | RCR |
| | $2 | rusmarc |
| 850 | ## | $a | РГИА |
| 852 | ## | $a | РГИА |
| | $e | Федеральное казенное учреждение "Российский государственный исторический архив" (РГИА) |
| | $j | 117 |
| 937 | ## | $h | РГИА |
| | $d | 12094865 |
| | $a | ASBIBLIO_SCAN |
| 035 | ## | $a | RusGRCC00089071 |
| 856 | ## | $u | http://readingroom.main.prlib.ru/item.aspx?id_node=n200388058&mode=full |